000 00509nam a22001937a 4500
003 KOHA_MİRAKIL
005 20251110162008.0
008 251110b tu ||||| |||| 00| 0 tur d
020 _a9789759038496
040 _aTR-AnABB
_btur
_cTR-AnABB
041 _atur
082 _a813.42
_bAZI 2005
100 1 _aAziz Nesin
245 1 0 _aZübük /
_cAziz Nesin
260 _aİstanbul :
_bNesin Yayınevi,
_c2005
300 _a271 sayfa ;
_c20 cm
650 0 4 _aTürk edebiyatı, roman
942 _2ddc
_cBK
999 _c9319
_d9319
900 _bGizem YORULMAZ